Представление документа в формате RUSMARC

ПолеНазваниеЗначение
  Тип записи a
  Библиографический уровень m
001 Контрольный номер RU/SLIB/B/208742636
005 Дата корректировки 20201206204101.2
010 Индекс ISBN __
d Цена 4-10
101 Язык документа __
a Язык текста rus
200 Заглавие и сведения об ответственности 0_
a Заглавие Снижение шума в зданиях и жилых районах
f Первые сведения об ответственности под ред.: Г. Л. Осипова, Е. Я. Юдина
b Общее обозначение материала Текст
210 Выходные данные __
a Место издания М.
c Издательство Стройиздат
d Дата издания 1987
215 Физическое описание __
a Объем 558 с.
606 Тематические рубрики __
a Основная рубрика Сервис. Бытовое обслуживание
606 Тематические рубрики __
a Основная рубрика Благоустройство населенных мест
610 Ключевые слова __
a Ключевые слова шумы; жилые здания; шумовое загрязнение; борьба с шумом
686 Индексы других классификаций __
a Классификационный индекс 38.93
702 Вторичная интеллектуальная ответственность __
a Фамилия Осипова
b Имя Г. Л.
4 Код отношения Редактор
702 Вторичная интеллектуальная ответственность _1
a Фамилия Юдина
b Имя Е. Я.
4 Код отношения Редактор
801 Источник записи _0
a Страна RU
b Организация Муниципальное бюджетное учреждение культуры "Централизованная библиотечная система" г. Сургут (Центральная городская библиотека им. А. С. Пушкина)
g Правила каталогизации КиК/Елгина
801 Источник записи _1
a Страна RU
b Организация Муниципальное бюджетное учреждение культуры "Централизованная библиотечная система" г. Сургут (Центральная городская библиотека им. А. С. Пушкина)
g Правила каталогизации КиК/Елгина
852 Данные о местонахождении __
j Шифр хранения 38.93
c Каталожный индекс 38.93
i Авторский знак С 53
p Инвентарный номер 33345
901 Тип документа __
t Тип документа m
990 Данные о заказе (DOS) __
j Количество экземпляров (DOS) 1